00764nam a22002057a 450000500170000001000150001702000260003203500130005803700130007108200060008410000230009024501520011326000380026527000550030330000210035870000240037994200200040399900190042395201160044220160622114640.0 aENG-115181 a9789385288708c299.00 aEN-98713 bDBAD/PUB aS aJasberenyi, Sandor aThe devil is a black dog :cby Sandor Jasberenyi; translated by M. Henderson Ellisbstories of war and revolution from the Middle East and beyond / aNew Delhi bSpeaking Tiger c2015 a4381/4, Ansari Road, Daryaganj,bNew Delhie110002 a194p.c21cm(pbk) aEllis, M. Henderson 2ddccENmJAShS c100148d100148 001040718FICaDBADbBNd2016-05-31eDBAD/PUBg299.00l0oS JASpEN-98713r2016-05-31 00:00:00t1v299.00yEN